000 00439pab a2200169 454500
008 180718b2007 xxu||||| |||| 00| 0 eng d
100 _aZahra, Shaker A.
245 _aUnderstanding the causes and effects of top management fraud
260 _c2007
300 _ap.122-39.
650 _aManagement
700 _aRasheed, Abdul A.
700 _aPriem, Richard L.
773 _aOrganizational Dynamics
908 _aN
909 _a74801
999 _c74801
_d74801